Normal view
MARC view
Entry Personal Name
001 - CONTROL NUMBER
- control field: 1237980
003 - CONTROL NUMBER IDENTIFIER
- control field: OSt
005 - DATE AND TIME OF LATEST TRANSACTION
- control field: 20260430150613.0
008 - FIXED-LENGTH DATA ELEMENTS
- fixed length control field: 260430|| aca||aabn | a|a d
040 ## - CATALOGING SOURCE
- Original cataloging agency: OSt
- Transcribing agency: OSt
100 ## - HEADING--PERSONAL NAME
- Personal name: Durga Lokesh Kumar Au.; Tyagi Jaya S. Gu
670 ## - SOURCE DATA FOUND
- Source citation: Work cat.: (OSt)1850189: Durga Lokesh Kumar Au.; Tyagi Jaya S. Gu., Settlements in Western Odisha: A Study of Environmental, Archaeological and Epigraphical Evidence (500BCE-1200CE), 2024
